000 01052nam a22003257a 4500
001 BR2016000873
003 BR-BrBNA
005 20230928104824.0
007 ta
008 230509b bl.||||| |||| 00| 0 por d
040 _aBR-BrBNA
_bpor
_cBiblioteca Nacional de Agricultura
041 _a(Por)
072 _aF30; H10
_b2120
_b4050
090 _ 2120 BR2016000873
100 1 _aRezende, R.M.
110 1 _aUniversidade Federal de Lavras, MG (Brasil)
_0Tese (Doutorado)
245 1 _aProgresso genéticos, desempenho agronômico e reação de progênies de cafeeiros arábica a Meloidogyne exigua e M. paranaensis
260 3 _aLavras, MG (Brasil):
_c2015.
300 _a117 p.
500 _aSummaries (Eng, Por); Several bibliography; 12 tables
650 _aCAFÉ
650 _aNEMATÓIDE
650 _aMELOIDOGYNE EXIGUA
650 _aVARIEDADE RESISTENTE
650 _aCRESCIMENTO
650 _aCARACTERÍSTICAS AGRONÔMICAS
650 _aMELHORAMENTO GENÉTICO VEGETAL
909 _a202309
_bLucia
_c55
_dLucia Elande
942 _cBK
999 _c81927
_d81927